Telewizja - międzypokoleniowy most czy mur?

Bibliographic Details
Main Authors: Dusza, Boźena (Author), Wasylewicz, Magdalena (Author)
Format: Article
Language:Polish
PhysicalDescription:Grafy.
ISBN:9788055505480
Subjects:

MARC

LEADER 00000nab a2200000 a 4500
001 vtls010549424
003 SK-MaSNL
005 20260318114242.0
008 131010c2012 xo r m 000 00pol
015 |a SNBRA2013/09SVKPO 
038 |a SVKPO 
040 |a SVKPOCL  |b slo  |c SVKPOCL  |e AACR2 
041 0 |a pol  |b eng 
044 |a xo  |c SK 
080 |a 654.197  |2 2001 
080 |a 316.774  |2 2001 
080 |a 7.011  |2 2001 
080 |a 316.4.051.63  |2 2001 
080 |a (438)  |2 2001 
100 1 |a Dusza, Boźena  |4 aut  |9 1627265 
245 1 0 |a Telewizja - międzypokoleniowy most czy mur?  |c Boźena Dusza, Magdalena Wasylewicz 
300 |a Grafy. 
504 |a Bibliogr. odkazy 
546 |a Abstr. pol., angl. 
650 0 7 |a televízia  |2 svkpocl  |9 16407 
650 0 7 |a masová kultúra  |2 svkpocl  |9 29544 
650 0 7 |a medzigeneračné vzťahy  |2 svkpocl  |9 4897 
650 0 7 |a výsledky výskumu  |2 svkpocl  |9 717544 
651 7 |a Poľsko  |2 svkpocl  |9 16755 
700 1 |a Wasylewicz, Magdalena  |4 aut  |9 1627266 
773 0 |t Medzigeneračné mosty - vstupujeme do roka medzigeneračnej solidarity : zborník príspevkov z konferencie s medzinárodnou účasťou 10.11.2011 v Prešove / [Beáta Balogová (ed.)]  |d Prešov : Prešovská univerzita, Filozofická fakulta, 2012  |g S. 356-362  |z 9788055505480 
852 |a SVKPO  |b KIS3GCP 
958 |a SK 
958 |a NB 
958 |a PL 
999 |c 3356830  |d 3358760